The first national workshop on network simulator NS-2 (Record no. 605183)
[ view plain ]
| 000 -LEADER | |
|---|---|
| fixed length control field | 00320nam a2200133Ia 4500 |
| 008 - FIXED-LENGTH DATA ELEMENTS--GENERAL INFORMATION | |
| fixed length control field | 231017s9999 xx 000 0 und d |
| 082 ## - DEWEY DECIMAL CLASSIFICATION NUMBER | |
| Classification number | 388SOH |
| 082 ## - DEWEY DECIMAL CLASSIFICATION NUMBER | |
| Author Mark | SOH |
| 245 #4 - TITLE STATEMENT | |
| Title | The first national workshop on network simulator NS-2 |
| 245 #0 - TITLE STATEMENT | |
| Statement of responsibility, etc. | "EME, NUST" |
| 260 ## - PUBLICATION, DISTRIBUTION, ETC. | |
| Name of publisher, distributor, etc. | "EME, NUST" |
| 300 ## - PHYSICAL DESCRIPTION | |
| Dimensions | 30cm |
| 942 ## - ADDED ENTRY ELEMENTS (KOHA) | |
| Koha item type | Report |
| Withdrawn status | Lost status | Damaged status | Not for loan | Permanent Location | Current Location | Date acquired | Total Checkouts | Full call number | Barcode | Date last seen | Price effective from | Koha item type |
|---|---|---|---|---|---|---|---|---|---|---|---|---|
| School of Civil and Environmental Engineering (SCEE) | School of Civil and Environmental Engineering (SCEE) | 10/17/2023 | 388SOH | NIT-3712 | 10/17/2023 | 10/17/2023 | Report |
